A kyméi énekes és egyéb elbeszélések

Elmentve itt :
Bibliográfiai részletek
Szerző: France Anatole
További közreműködők: Nyitray József
Dokumentumtípus: Cikk
Megjelent: 1903
Sorozat:Kolligátum
Kulcsszavak:Francia irodalom - novella
Online Access:http://misc.bibl.u-szeged.hu/25288
LEADER 00578nab a2200181 i 4500
001 misc25288
005 20191111110608.0
008 171106s1903 hu o 0|| zxx d
040 |a SZTE Miscellanea Repozitórium  |b hun 
041 |a zxx 
100 1 |a France Anatole 
245 1 2 |a A kyméi énekes és egyéb elbeszélések  |h [elektronikus dokumentum] /  |c  France Anatole 
260 |c 1903 
300 |a 1-64 
490 0 |a Kolligátum 
695 |a Francia irodalom - novella 
700 0 1 |a Nyitray József 
856 4 0 |u http://misc.bibl.u-szeged.hu/25288/1/016_006_001-064.pdf  |z Dokumentum-elérés